<?xml version="1.0" encoding="UTF-8"?>
<marc:record xmlns:marc="http://www.loc.gov/MARC21/slim">
   <marc:leader>00000nam a2200000 a 4500</marc:leader>
   <marc:datafield ind1="1" ind2=" " tag="100">
      <marc:subfield code="a">Datta, Asit</marc:subfield>
      <marc:subfield code="4">aut</marc:subfield>
      <marc:subfield code="e">Verfasser/-in</marc:subfield>
   </marc:datafield>
   <marc:datafield ind1=" " ind2=" " tag="653">
      <marc:subfield code="a">Globalisierung</marc:subfield>
   </marc:datafield>
   <marc:datafield ind1=" " ind2=" " tag="653">
      <marc:subfield code="a">Wachstumspolitik</marc:subfield>
   </marc:datafield>
   <marc:datafield ind1=" " ind2=" " tag="653">
      <marc:subfield code="a">Interessenpolitik</marc:subfield>
   </marc:datafield>
   <marc:datafield ind1=" " ind2=" " tag="653">
      <marc:subfield code="a">Armut</marc:subfield>
   </marc:datafield>
   <marc:datafield ind1=" " ind2=" " tag="653">
      <marc:subfield code="a">Softcover / Sachbücher/Politik</marc:subfield>
   </marc:datafield>
   <marc:datafield ind1=" " ind2=" " tag="653">
      <marc:subfield code="a">Gesellschaft</marc:subfield>
   </marc:datafield>
   <marc:datafield ind1=" " ind2=" " tag="653">
      <marc:subfield code="a">Wirtschaft/Wirtschaft/Allgemeines</marc:subfield>
   </marc:datafield>
   <marc:datafield ind1=" " ind2=" " tag="653">
      <marc:subfield code="a">Nachschlagewerke</marc:subfield>
   </marc:datafield>
   <marc:datafield ind1=" " ind2=" " tag="653">
      <marc:subfield code="a">9</marc:subfield>
   </marc:datafield>
   <marc:datafield ind1="0" ind2="0" tag="245">
      <marc:subfield code="a">Armutszeugnis</marc:subfield>
   </marc:datafield>
   <marc:datafield ind1="0" ind2="0" tag="245">
      <marc:subfield code="b">warum heute mehr Menschen hungern als vor 20 Jahren</marc:subfield>
   </marc:datafield>
   <marc:datafield ind1="0" ind2="0" tag="245">
      <marc:subfield code="c">Asit Datta</marc:subfield>
   </marc:datafield>
   <marc:datafield ind1=" " ind2="1" tag="264">
      <marc:subfield code="a">München</marc:subfield>
      <marc:subfield code="b">Dt. Taschenbuch-Verl.</marc:subfield>
      <marc:subfield code="c">2013</marc:subfield>
   </marc:datafield>
   <marc:datafield ind1="1" ind2=" " tag="520">
      <marc:subfield code="a">Angaben aus der Verlagsmeldung

Armutszeugnis : Warum heute mehr Menschen hungern als vor 20 Jahren Datta,Armutszeugnis / von Asit Datta

In der Entwicklungspolitik ist viel erreicht. Die Sterblichkeitsrate von Kleinkindern ist erheblich gesunken, die Einschulungsrate erheblich gestiegen, die Lebenserwartung auch. Aber dennoch sterben t&amp;auml;glich immer noch ca. 25.000 Menschen, also die Bev&amp;ouml;lkerung einer Kleinstadt, davon 11.000 Kinder unter f&amp;uuml;nf Jahren, an Hunger oder Folgekrankheiten. Wer &amp;uuml;berlebt, ob als Kind oder Erwachsener, ist nicht selten f&amp;uuml;r sein Leben gesch&amp;auml;digt.
Im Jahr 2000 hatte die UN-Vollversammlung als Millenniumsziel verk&amp;uuml;ndet, bis 2015 die Zahl der Menschen, die unter Hunger und Armut leiden, zu halbieren. Dieses Ziel wird nicht erreicht. Warum?
Asit Datta beschreibt Ursachen und Hintergr&amp;uuml;nde. Er befasst sich mit dem Regiment von Internationalem W&amp;auml;hrungsfonds und Weltbank, die er die heimlichen Herrscher der Welt nennt, mit der Frage, wie man am besten mit Statistik l&amp;uuml;gt, und mit der Tatsache, dass f&amp;uuml;r jeden Euro deutscher Hilfe 1,80 Euro an die deutsche Exportwirtschaft zur&amp;uuml;ckflie&amp;szlig;en. Dar&amp;uuml;ber hinaus zeigt er Wege auf, wie eine nachhaltige Entwicklung beschleunigt werden kann.
</marc:subfield>
   </marc:datafield>
   <marc:datafield ind1=" " ind2=" " tag="020">
      <marc:subfield code="a">9783423249836</marc:subfield>
      <marc:subfield code="9">9783423249836</marc:subfield>
   </marc:datafield>
   <marc:datafield ind1=" " ind2=" " tag="020">
      <marc:subfield code="a">3423249838</marc:subfield>
      <marc:subfield code="9">3423249838</marc:subfield>
   </marc:datafield>
   <marc:datafield ind1=" " ind2=" " tag="300">
      <marc:subfield code="a">218 S.</marc:subfield>
   </marc:datafield>
</marc:record>
